| 000 | 00829nam a22001935i 4500 | ||
|---|---|---|---|
| 001 | 163128 | ||
| 003 | ES-MaACL | ||
| 005 | 20231227062556.0 | ||
| 008 | 991022s1896 sp |||| | spa d | ||
| 100 | 1 |
_aLabra, Rafael M. de, _d1840-1918 _969273 |
|
| 245 | 1 | 3 |
_aLa reforma colonial en las Antillas : _bdiscursos pronunciados en las sesiones celebradas por el Congreso de los Diputados el 13 de febrero y 7 y 9 de junio de 1895 / _c[Rafael M. de Labra]. |
| 260 |
_aMadrid : _b[s.n.], _c1896 ( _fEstab. Tip. de Alfredo Alonso) |
||
| 300 |
_aXV, 204 p. ; _c21 cm. |
||
| 594 | _aAutor precede al tít. de la cub. | ||
| 651 | 4 |
_aEspaña- _xColonias- _xAdministración. _9147368 |
|
| 740 | 3 | 2 | _aLa reforma colonial en España. |
| 852 |
_aES-MaACL _jT-872-F-4 _z- Enc. hol. _z- Enc. en un vol. facticio |
||
| 999 |
_c163128 _d163128 |
||